| 000 | 00374nam a2200157Ia 4500 | ||
|---|---|---|---|
| 008 | 221030s9999 xx 000 0 und d | ||
| 020 | _a8131713830 | ||
| 041 | _aEnglish | ||
| 082 | _a105.23 | ||
| 100 | _aB. Edde | ||
| 245 | 0 | _aRadar - Principles,Technology, Applications | |
| 260 |
_bPearson Edcuation _aNew Delhi _c2007 |
||
| 300 | _a731 | ||
| 650 | _aECE | ||
| 942 | _cBK | ||
| 999 |
_c5743 _d5743 |
||